باور بوينت ميكروسوفت العروض التقديمية / (رقم التسجيلة. 112286)

تفاصيل مارك
000 -LEADER
fixed length control field 00786nam a22002297a 4500
005 - DATE AND TIME OF LATEST TRANSACTION
control field 20251108174547.0
008 - FIXED-LENGTH DATA ELEMENTS--GENERAL INFORMATION
fixed length control field 250721s2005 xx 000 0 ara d
020 ## - INTERNATIONAL STANDARD BOOK NUMBER
International Standard Book Number 995736023x
082 14 - DEWEY DECIMAL CLASSIFICATION NUMBER
Classification number ط/005.3/عزة
100 1# - MAIN ENTRY--PERSONAL NAME
Personal name العزة، فراس محمد
Relator term مؤلف
245 10 - TITLE STATEMENT
Title باور بوينت ميكروسوفت العروض التقديمية /
264 1# - PRODUCTION, PUBLICATION, DISTRIBUTION, MANUFACTURE, AND COPYRIGHT NOTICE
Place of production, publication, distribution, manufacture عمان :
Name of producer, publisher, distributor, manufacturer دار عالم الثقافة للنشر والتوزيع،
Date of production, publication, distribution, manufacture, or copyright notice 2005.
300 ## - PHYSICAL DESCRIPTION
Extent 154ص
490 0# - SERIES STATEMENT
Series statement المهارات العلمية في
650 17 - SUBJECT ADDED ENTRY--TOPICAL TERM
Topical term or geographic name as entry element الحواسيب
650 17 - SUBJECT ADDED ENTRY--TOPICAL TERM
Topical term or geographic name as entry element برامج الحواسيب
653 ## - INDEX TERM--UNCONTROLLED
Uncontrolled term ناشاون كبار (15-18) سنه
700 1# - ADDED ENTRY--PERSONAL NAME
Personal name غنمة، فادي محمد
700 1# - ADDED ENTRY--PERSONAL NAME
Personal name أبوذياب، إبراهيم
942 ## - ADDED ENTRY ELEMENTS (KOHA)
Source of classification or shelving scheme Dewey Decimal Classification
Koha item type كتب
المقتنيات
حالة السحب حالة الفقدان مصدر التصنيف حالة التلف غير قابل للإعارة المكتبة الرئيسية المكتبة الحالية موقع الرف تاريخ التزويد الرقم المتسلسل Total Checkouts رقم الإستدعاء الباركود تاريخ آخر ظهور تاريخ الفاتورة نوع المادة (كوها)
    Dewey Decimal Classification     المكتبة المركزية المكتبة المركزية مقتنيات قسم التزويد 28/07/2025 1190912   ط/005.3/عزة PLD00011658 28/07/2025 28/07/2025 كتب
    Dewey Decimal Classification     المكتبة المركزية المكتبة المركزية مقتنيات قسم التزويد 28/07/2025 1729828   ط/005.3/عزة   28/07/2025 28/07/2025 كتب
    Dewey Decimal Classification     مكتبة عدن للأطفال مكتبة عدن للأطفال الأطفال 09/02/2025 1792847   ط/005.3/عزة PLD00514986 28/07/2025 09/02/2025 كتب
Implemented & Customized by: BBB with SCIT (Smart Chains for Information Technology)

Powered by Koha